| 000 | 01045pam a2200313 a 4500 | ||
|---|---|---|---|
| 001 | 1019571 | ||
| 003 | 000028 | ||
| 005 | 20220326193245.0 | ||
| 008 | 880817s1989 nyua b 001 0 eng | ||
| 010 | _a 88007365 | ||
| 020 | _a0896599620 | ||
| 020 | _a0896599639 (pbk.) | ||
| 040 |
_aDLC _cDLC _dDLC |
||
| 050 | 0 | 0 |
_aN6494.E27 _bB4 1989 |
| 082 | 0 | 0 |
_a709.04.076 _bB368e _219 |
| 100 | 1 |
_aBeardsley, John. _934 |
|
| 245 | 1 | 0 |
_aEarthworks and beyond : _bcontemporary art in the landscape / _cJohn Beardsley. |
| 250 | _aRev. ed. | ||
| 260 |
_aNew York : _bAbbeville Press, _cc1989. |
||
| 300 |
_a176 p. : _bill. (some col.) ; _c28 cm. |
||
| 504 | _aIncludes bibliographical references (p. 165-173) and index. | ||
| 650 | 0 |
_aEarthworks (Art) _935 |
|
| 650 | 0 |
_aAvant-garde (Aesthetics) _xHistory _y20th century. _936 |
|
| 650 | 0 |
_aArquitectura orgánica _937 |
|
| 650 | 0 |
_aArquitectura del paisaje _938 |
|
| 650 | 0 |
_aArte contemporáneo en el paisaje _939 |
|
| 906 |
_a7 _bcbc _corignew _d1 _eocip _f19 _gy-gencatlg |
||
| 999 |
_c11 _d11 |
||